| 000 | 00403pab a2200145 454500 | ||
|---|---|---|---|
| 008 | 180718b2003 xxu||||| |||| 00| 0 eng d | ||
| 100 | _aBehn, Robert D. | ||
| 245 | _aWhy measure performance? Different purposes require different measures | ||
| 260 | _c2003 | ||
| 300 | _ap.586-606. | ||
| 362 | _aSep-Oct | ||
| 650 | _aPerformance appraisal | ||
| 773 | _aPublic Administration Review | ||
| 909 | _a58114 | ||
| 999 |
_c58114 _d58114 |
||